[Event "2. Open Patrimonio de la Humanidad"]
[Site "Alcalá de Henares ESP"]
[Date "2007.10.12"]
[Round "6.27"]
[White "Cerrato Torrijos, Maria"]
[Black "Pascual Palomo, Lucia"]
[Result "0-1"]
[WhiteElo "1829"]
[BlackElo "2104"]
[PlyCount "68"]
[EventDate "2007.10.07"]
[EventType "swiss"]
[EventRounds "9"]
[EventCountry "ESP"]
[Source "lmi"]
[SourceDate "2007.10.07"]

1. e4 e6 2. d4 d5 3. exd5 exd5 4. Nf3 Bd6 5. c4 Nf6 6. c5 Be7 7. Bd3 Bg4 8. Bf4
b6 9. Qa4+ Bd7 10. Qc2 bxc5 11. dxc5 O-O 12. O-O a5 13. a3 Na6 14. c6 Be8 15.
Be5 h6 16. Bd4 Ne4 17. Nbd2 f5 18. Ne5 Qd6 19. Rac1 Nac5 20. Nxe4 fxe4 21. Qxc5
exd3 22. Qxd6 Bxd6 23. Nxd3 Ra6 24. Ne5 Rf4 25. Be3 Bxe5 26. Bxf4 Bxf4 27. Rb1
Rxc6 28. b4 Bg6 29. Rbd1 axb4 30. axb4 Bf7 31. g3 Bd6 32. Rb1 Rb6 33. Rfc1 d4
34. Rd1 Bg6 0-1

[Event "2. Open Patrimonio de la Humanidad"]
[Site "Alcalá de Henares ESP"]
[Date "2007.10.12"]
[Round "6.29"]
[White "Lacrosse, Marc"]
[Black "Sanchez Rodriguez, Jaime"]
[Result "1-0"]
[WhiteElo "2254"]
[BlackElo "1933"]
[PlyCount "99"]
[EventDate "2007.10.07"]
[EventType "swiss"]
[EventRounds "9"]
[EventCountry "ESP"]
[Source "lmi"]
[SourceDate "2007.10.07"]

1. d4 d5 2. c4 e6 3. Nc3 f5 4. g3 c6 5. Bg2 Bd6 6. Nh3 Nf6 7. Qc2 O-O 8. O-O
Bd7 9. Bf4 Bxf4 10. Nxf4 Ne4 11. f3 Nd6 12. c5 Nc4 13. Qc1 Qf6 14. e3 g5 15.
Nd3 f4 16. gxf4 gxf4 17. Nxf4 Nxe3 18. Qxe3 Qxf4 19. Qxf4 Rxf4 20. Ne2 Rf6 21.
Kf2 b6 22. b4 Na6 23. Rab1 Rb8 24. Ke3 Re8 25. f4 Nc7 26. Nc1 Rh6 27. Nd3 Rxh2
28. Ne5 Re7 29. Rf2 Ne8 30. f5 Nf6 31. fxe6 Rxe6 32. Rxf6 Rxf6 33. Nxd7 Rf7 34.
Rb2 Rxd7 35. Bxd5+ Rxd5 36. Rxh2 bxc5 37. bxc5 Kg7 38. Ke4 Kg6 39. Rg2+ Kf7 40.
Rb2 Rd7 41. Rb8 Re7+ 42. Kf5 Rc7 43. Ke5 Re7+ 44. Kd6 Re6+ 45. Kc7 Re4 46. d5
cxd5 47. c6 Re7+ 48. Kd6 d4 49. c7 Re6+ 50. Kd5 1-0

[Event "2. Open Patrimonio de la Humanidad"]
[Site "Alcalá de Henares ESP"]
[Date "2007.10.12"]
[Round "6.30"]
[White "Spitzer Isbert, Ramon"]
[Black "Valderrama Arroyo, Victor"]
[Result "1-0"]
[WhiteElo "2106"]
[BlackElo "1891"]
[PlyCount "83"]
[EventDate "2007.10.07"]
[EventType "swiss"]
[EventRounds "9"]
[EventCountry "ESP"]
[Source "lmi"]
[SourceDate "2007.10.07"]

1. Nf3 Nf6 2. c4 e6 3. d4 b6 4. g3 Bb7 5. Bg2 Bb4+ 6. Bd2 Bxd2+ 7. Nbxd2 O-O 8.
O-O d5 9. Ne5 Ne4 10. cxd5 Nxd2 11. Qxd2 exd5 12. Rac1 f6 13. Nd3 Qd6 14. Qf4
Qxf4 15. Nxf4 c6 16. Ne6 Rf7 17. Nd8 Rd7 18. Nxb7 Rxb7 19. e4 dxe4 20. Bxe4 Re7
21. Bf3 Na6 22. d5 Nb4 23. dxc6 Rc8 24. Rfd1 Kf8 25. a3 Na6 26. Bg4 Rcc7 27. b4
Re5 28. Rd8+ Ke7 29. Rcd1 f5 30. Bf3 Kf6 31. Rf8+ Ke7 32. Rg8 Kf7 33. Rdd8 Rce7
34. Rgf8+ Ke6 35. g4 g6 36. Rfe8 Kf7 37. Bd5+ Kf6 38. Rd6+ Kg5 39. Rxe7 Rxe7
40. Rd7 Re5 41. gxf5 Rxf5 42. Bg2 1-0

[Event "2. Open Patrimonio de la Humanidad"]
[Site "Alcalá de Henares ESP"]
[Date "2007.10.12"]
[Round "6.31"]
[White "Vazquez Gonzalez, Jesus"]
[Black "Moreno Sanchez, Alberto"]
[Result "1-0"]
[WhiteElo "2049"]
[BlackElo "1880"]
[PlyCount "75"]
[EventDate "2007.10.07"]
[EventType "swiss"]
[EventRounds "9"]
[EventCountry "ESP"]
[Source "lmi"]
[SourceDate "2007.10.07"]

1. e4 c5 2. d3 Nc6 3. g3 d5 4. Nd2 Nf6 5. Bg2 e6 6. Ngf3 Be7 7. O-O O-O 8. Re1
b5 9. e5 Nd7 10. Nf1 Qc7 11. Qe2 Bb7 12. Bf4 Nb6 13. h4 d4 14. N1h2 Nd5 15. Ng4
Nxf4 16. gxf4 h5 17. Ngh2 Rfe8 18. Ng5 g6 19. Nhf3 Nb4 20. Kh1 Nd5 21. Qd2 Bf8
22. Rg1 Bh6 23. Bh3 Kh8 24. Rg3 Qe7 25. Rag1 c4 26. dxc4 bxc4 27. Qxd4 Rad8 28.
Qxc4 Rc8 29. Qa4 Bxg5 30. fxg5 Nb4 31. Bg2 Rxc2 32. a3 Qc5 33. Qxb4 Qxf2 34.
Qxb7 Qxg3 35. Qxf7 Rec8 36. Qf6+ Kh7 37. Qf7+ Kh8 38. Qxg6 1-0

[Event "2. Open Patrimonio de la Humanidad"]
[Site "Alcalá de Henares ESP"]
[Date "2007.10.12"]
[Round "6.34"]
[White "Toranzo Fernandez, Dionisio"]
[Black "Rodriguez Yague, Fermin"]
[Result "1-0"]
[WhiteElo "2009"]
[BlackElo "1778"]
[PlyCount "97"]
[EventDate "2007.10.07"]
[EventType "swiss"]
[EventRounds "9"]
[EventCountry "ESP"]
[Source "lmi"]
[SourceDate "2007.10.07"]

1. Nf3 c5 2. c4 Nc6 3. d4 cxd4 4. Nxd4 Nf6 5. Nc3 e6 6. Ndb5 a6 7. Nd6+ Bxd6 8.
Qxd6 Qe7 9. Bf4 Qxd6 10. Bxd6 Kd8 11. e3 Ne8 12. Bg3 h5 13. h3 h4 14. Bh2 d6
15. Be2 e5 16. O-O-O b6 17. Bf3 Kc7 18. Nd5+ Kd8 19. Nb4 Nxb4 20. Bxa8 Nxa2+
21. Kb1 Nb4 22. Bxe5 Kc7 23. Bc3 Nc6 24. Bxc6 Kxc6 25. f3 Be6 26. b3 Rg8 27.
Rd4 g5 28. Rhd1 a5 29. Kc2 f5 30. Bb2 g4 31. hxg4 fxg4 32. fxg4 Bxg4 33. R1d2
Rg6 34. Ba3 h3 35. gxh3 Bxh3 36. Rh4 Bd7 37. Rdh2 Rg3 38. Kd2 Rg1 39. Bb2 b5
40. cxb5+ Kxb5 41. Bc3 Kb6 42. Bd4+ Kc6 43. Rh5 Be6 44. Kc2 d5 45. Rh6 Kd7 46.
Rh7+ Kc8 47. Re7 Bf5+ 48. e4 Bxe4+ 49. Rxe4 1-0

[Event "2. Open Patrimonio de la Humanidad"]
[Site "Alcalá de Henares ESP"]
[Date "2007.10.12"]
[Round "6.35"]
[White "Garcia Roman, Jose Luis Machado"]
[Black "Sierra Soria, Elena"]
[Result "1-0"]
[WhiteElo "1991"]
[BlackElo "1743"]
[PlyCount "54"]
[EventDate "2007.10.07"]
[EventType "swiss"]
[EventRounds "9"]
[EventCountry "ESP"]
[Source "lmi"]
[SourceDate "2007.10.07"]

1. e4 c5 2. Nf3 Nc6 3. d4 cxd4 4. Nxd4 e5 5. Nb5 d6 6. c4 Be7 7. N1c3 f5 8. Nd5
Kf8 9. f3 a6 10. Nbc3 Nf6 11. Be3 Nd7 12. Qd2 Nc5 13. a4 h6 14. a5 Kg8 15. Nb6
Rb8 16. Ncd5 Be6 17. Be2 Na7 18. b4 Nd7 19. Nxd7 Bxd7 20. Bxa7 Rc8 21. Bb6 Qe8
22. Bd1 Qg6 23. O-O f4 24. Kh1 Bh4 25. Bg1 h5 26. Nb6 Rd8 27. Nxd7 Rxd7 1-0

[Event "2. Open Patrimonio de la Humanidad"]
[Site "Alcalá de Henares ESP"]
[Date "2007.10.12"]
[Round "6.36"]
[White "Martinez Miura, Enrique"]
[Black "Crespo Villalba, Israel"]
[Result "0-1"]
[WhiteElo "1809"]
[BlackElo "1952"]
[PlyCount "74"]
[EventDate "2007.10.07"]
[EventType "swiss"]
[EventRounds "9"]
[EventCountry "ESP"]
[Source "lmi"]
[SourceDate "2007.10.07"]

1. e4 d6 2. c4 g6 3. d4 Bg7 4. Nc3 Nf6 5. h3 Nbd7 6. Nf3 O-O 7. Be2 c6 8. O-O
a5 9. a4 e5 10. d5 Nc5 11. Bd3 Ne8 12. Be3 Nxd3 13. Qxd3 f5 14. dxc6 bxc6 15.
Rad1 Qc7 16. Nh2 f4 17. Bc1 g5 18. f3 h5 19. Rf2 Ba6 20. b3 Qb6 21. Kf1 Qxb3
22. Rb2 Qxc4 23. Qxc4+ Bxc4+ 24. Kg1 Rf7 25. Rb6 Rc7 26. Ba3 Bf8 27. Nf1 Be6
28. Kh2 g4 29. hxg4 hxg4 30. Kg1 g3 31. Rdb1 Bf7 32. Rb8 Rxb8 33. Rxb8 d5 34.
Bxf8 Kxf8 35. Nd2 d4 36. Nd1 c5 37. Rb2 c4 0-1

[Event "2. Open Patrimonio de la Humanidad"]
[Site "Alcalá de Henares ESP"]
[Date "2007.10.12"]
[Round "6.37"]
[White "Carrasco Martinez, Ivan"]
[Black "Sierra Soria, Maria"]
[Result "1/2-1/2"]
[WhiteElo "1939"]
[BlackElo "1660"]
[PlyCount "60"]
[EventDate "2007.10.07"]
[EventType "swiss"]
[EventRounds "9"]
[EventCountry "ESP"]
[Source "lmi"]
[SourceDate "2007.10.07"]

1. d4 d5 2. c4 dxc4 3. e3 e6 4. Bxc4 c5 5. Nf3 Nf6 6. O-O a6 7. Qe2 Be7 8. Rd1
Qc7 9. Nc3 b5 10. Bb3 Bb7 11. Bd2 O-O 12. dxc5 Bxc5 13. Rac1 Nbd7 14. a3 Rac8
15. Ba2 Qb8 16. Bb1 Rfd8 17. e4 Ne5 18. Bg5 Rxd1+ 19. Qxd1 Nfg4 20. Nxe5 Nxf2
21. Qf3 Qxe5 22. Be3 Bxe3 23. Qxe3 Ng4 24. Qg3 Qd4+ 25. Kf1 Ne3+ 26. Ke2 Nc4
27. Rd1 Qe5 28. Qxe5 Nxe5 29. Ba2 h6 30. h3 Bc6 1/2-1/2

[Event "2. Open Patrimonio de la Humanidad"]
[Site "Alcalá de Henares ESP"]
[Date "2007.10.12"]
[Round "6.39"]
[White "Avendaño Mateos, Jose"]
[Black "Sierra Bermejo, Gregorio"]
[Result "1/2-1/2"]
[WhiteElo "1982"]
[BlackElo "1802"]
[PlyCount "51"]
[EventDate "2007.10.07"]
[EventType "swiss"]
[EventRounds "9"]
[EventCountry "ESP"]
[Source "lmi"]
[SourceDate "2007.10.07"]

1. d4 d5 2. Nf3 Nf6 3. c4 dxc4 4. Nc3 e6 5. e3 c5 6. Bxc4 a6 7. a4 b6 8. d5
exd5 9. Nxd5 Nbd7 10. Nxf6+ Qxf6 11. Qd5 Ra7 12. O-O Bb7 13. Qh5 Bxf3 14. Qxf3
Qxf3 15. gxf3 g6 16. Rd1 Bg7 17. f4 Nf6 18. Ra3 O-O 19. Rad3 Ne8 20. Rd7 Ra8
21. Rb7 b5 22. axb5 axb5 23. Bxb5 Ra1 24. Be2 Nd6 25. Rb6 Nf5 26. Bd2 1/2-1/2

[Event "2. Open Patrimonio de la Humanidad"]
[Site "Alcalá de Henares ESP"]
[Date "2007.10.12"]
[Round "6.40"]
[White "Garcia Carbonell, Francisco"]
[Black "Sanchez Millan, Eduardo"]
[Result "0-1"]
[WhiteElo "1781"]
[BlackElo "1976"]
[PlyCount "104"]
[EventDate "2007.10.07"]
[EventType "swiss"]
[EventRounds "9"]
[EventCountry "ESP"]
[Source "lmi"]
[SourceDate "2007.10.07"]

1. e4 c5 2. Nf3 d6 3. d4 cxd4 4. Nxd4 Nf6 5. Nc3 a6 6. f3 e5 7. Nb3 Be6 8. Be3
Nbd7 9. Qd2 Be7 10. g4 Rc8 11. h4 b5 12. a3 Nb6 13. O-O-O Nc4 14. Bxc4 Bxc4 15.
h5 a5 16. Kb1 b4 17. axb4 axb4 18. Nd5 Nxd5 19. exd5 Bxb3 20. cxb3 Qa5 21. Bg5
f6 22. Bh4 Ra8 23. Kc1 O-O 24. Qd3 Qa1+ 25. Qb1 Rac8+ 26. Kd2 Qa7 27. Ke2 f5
28. gxf5 Bxh4 29. Rxh4 Qd7 30. h6 Rxf5 31. hxg7 e4 32. fxe4 Rg5 33. Rc1 Qb5+
34. Ke3 Qb6+ 35. Kf3 Rg3+ 36. Kxg3 Qe3+ 37. Kg4 Rxc1 38. Qxc1 Qxc1 39. e5 dxe5
40. Kf5 Qc8+ 41. Kxe5 Kxg7 42. Rxb4 Qe8+ 43. Kd4 h5 44. Rb7+ Kg6 45. d6 h4 46.
Re7 Qd8 47. Kc5 Qxe7 48. dxe7 Kf7 49. Kd6 Ke8 50. b4 h3 51. b5 h2 52. b6 h1=Q
0-1

[Event "2. Open Patrimonio de la Humanidad"]
[Site "Alcalá de Henares ESP"]
[Date "2007.10.12"]
[Round "6.41"]
[White "Sanchez Rodajo, Pedro L"]
[Black "Maseda Iglesias, Luis"]
[Result "0-1"]
[WhiteElo "1717"]
[BlackElo "1976"]
[PlyCount "56"]
[EventDate "2007.10.07"]
[EventType "swiss"]
[EventRounds "9"]
[EventCountry "ESP"]
[Source "lmi"]
[SourceDate "2007.10.07"]

1. Nf3 d5 2. e3 e6 3. b3 Nf6 4. Bb2 Nbd7 5. Nc3 c6 6. h3 Bd6 7. d4 O-O 8. g4 e5
9. Qd2 Qe7 10. O-O-O Ba3 11. Kb1 Bxb2 12. Kxb2 b5 13. Bg2 a5 14. dxe5 Nxe5 15.
Nd4 a4 16. f4 axb3 17. fxe5 Qa3+ 18. Ka1 b2+ 19. Kb1 b4 20. Nde2 Ne4 21. Bxe4
dxe4 22. Qd6 Be6 23. Qxe6 fxe6 24. Rhf1 bxc3 25. Rxf8+ Kxf8 26. Nxc3 Qxc3 27.
h4 Qxe3 28. Rf1+ Ke7 0-1

[Event "2. Open Patrimonio de la Humanidad"]
[Site "Alcalá de Henares ESP"]
[Date "2007.10.12"]
[Round "7.8"]
[White "Valles Moreno, Ivan"]
[Black "Abreu Delgado, Aryam"]
[Result "0-1"]
[WhiteElo "2402"]
[BlackElo "2479"]
[PlyCount "104"]
[EventDate "2007.10.07"]
[EventType "swiss"]
[EventRounds "9"]
[EventCountry "ESP"]
[Source "lmi"]
[SourceDate "2007.10.07"]

1. e4 c5 2. Nf3 d6 3. d4 cxd4 4. Nxd4 Nf6 5. Nc3 a6 6. Be3 e5 7. Nf3 Be7 8. Bc4
O-O 9. O-O Nc6 10. Qe2 Na5 11. Bb3 Nxb3 12. cxb3 Be6 13. Rfd1 Qe8 14. Ne1 Ng4
15. Bb6 f5 16. exf5 Bxf5 17. Nd5 Qf7 18. Rac1 Rac8 19. Rxc8 Rxc8 20. Ba5 Bf8
21. Bb4 Rc6 22. h3 Nf6 23. Ne3 Be6 24. Nf3 h6 25. Nd2 b5 26. Qf3 Qc7 27. Ba5
Qc8 28. Bd8 Nh7 29. Bh4 Rc1 30. Ndf1 Rxd1 31. Qxd1 Qc6 32. Nd2 g5 33. Bg3 Nf6
34. h4 g4 35. Qc2 Qxc2 36. Nxc2 Bd5 37. Ne3 Bb7 38. b4 Kf7 39. Nb3 Ke6 40. a3
h5 41. Kf1 Nd5 42. Nc2 Nb6 43. Ne1 Bd5 44. Nd2 Nc4 45. Nxc4 Bxc4+ 46. Kg1 Bh6
47. Kh2 d5 48. b3 Be2 49. f3 d4 50. fxg4 hxg4 51. Kg1 d3 52. Kf2 e4 0-1

[Event "2. Open Patrimonio de la Humanidad"]
[Site "Alcalá de Henares ESP"]
[Date "2007.10.12"]
[Round "7.9"]
[White "Gongora Reyes, Maikel"]
[Black "Rizouk, Aimen"]
[Result "0-1"]
[WhiteElo "2410"]
[BlackElo "2470"]
[PlyCount "68"]
[EventDate "2007.10.07"]
[EventType "swiss"]
[EventRounds "9"]
[EventCountry "ESP"]
[Source "lmi"]
[SourceDate "2007.10.07"]

1. d4 Nf6 2. Nf3 e6 3. c4 b6 4. Nc3 Bb7 5. e3 d5 6. cxd5 exd5 7. Bd3 Bd6 8. O-O
O-O 9. Nb5 Be7 10. Qc2 c5 11. Ne5 Nc6 12. Nxc6 Bxc6 13. dxc5 bxc5 14. Nd4 Bb7
15. Nf5 Bd6 16. Rd1 Re8 17. Bd2 Bf8 18. Bc3 Rc8 19. Qa4 d4 20. exd4 Qd5 21. Nh4
Qh5 22. Nf5 Ng4 23. h3 Nxf2 24. Kxf2 Qg5 25. g3 c4 26. Bc2 Qh5 27. Nh4 Qe2+ 28.
Kg1 Qe3+ 29. Kf1 Qxg3 30. Qd7 Qf4+ 31. Kg1 Re2 32. Bxh7+ Kh8 33. Qf5 Qxh4 34.
Kf1 Qg3 0-1

[Event "2. Open Patrimonio de la Humanidad"]
[Site "Alcalá de Henares ESP"]
[Date "2007.10.12"]
[Round "7.10"]
[White "Rabadan Velasco, Raul"]
[Black "Moreno Ruiz, Javier"]
[Result "1/2-1/2"]
[WhiteElo "2307"]
[BlackElo "2466"]
[PlyCount "120"]
[EventDate "2007.10.07"]
[EventType "swiss"]
[EventRounds "9"]
[EventCountry "ESP"]
[Source "lmi"]
[SourceDate "2007.10.07"]

1. d4 e6 2. c4 f5 3. g3 Nf6 4. Bg2 c6 5. Nf3 d5 6. O-O Bd6 7. b3 Qe7 8. Bb2 b6
9. Qc1 O-O 10. Ne5 Bb7 11. cxd5 exd5 12. Qg5 Qe6 13. Bh3 Ne4 14. Qe3 Bxe5 15.
dxe5 Nd7 16. f3 Nec5 17. Nd2 Rae8 18. f4 Qh6 19. Bg2 Nf6 20. h3 Nfe4 21. Nxe4
Nxe4 22. Kh2 c5 23. Bf3 Re6 24. Qc1 Rg6 25. Rg1 Nf2 26. h4 Ng4+ 27. Kh3 Bc6 28.
b4 Nf2+ 29. Kh2 cxb4 30. Bd4 Ne4 31. Qe1 Bb5 32. Rc1 Bc4 33. Kh3 a5 34. Rc2 b5
35. e3 Rg4 36. Bxg4 fxg4+ 37. Kg2 Qg6 38. Rb2 Qf5 39. Qb1 Qe6 40. Rc1 h6 41. a3
b3 42. a4 Qc6 43. Qa1 b4 44. Rxb3 Qe6 45. Rb2 h5 46. Qb1 Qc6 47. Rbc2 g6 48.
Qa1 Kf7 49. Kh2 Ke6 50. Ba7 Qa6 51. Qd4 Rc8 52. Qb6+ Qxb6 53. Bxb6 b3 54. Rb2
Ra8 55. Rcb1 Nc3 56. Rxb3 Nxb1 57. Rxb1 Rb8 58. Rb2 Rb7 59. Bd4 Rxb2+ 60. Bxb2
Bb3 1/2-1/2

[Event "2. Open Patrimonio de la Humanidad"]
[Site "Alcalá de Henares ESP"]
[Date "2007.10.12"]
[Round "7.11"]
[White "Dgebuadze, Alexandre"]
[Black "De La Fuente Gonzalez, Francisco"]
[Result "1-0"]
[WhiteElo "2505"]
[BlackElo "2233"]
[PlyCount "43"]
[EventDate "2007.10.07"]
[EventType "swiss"]
[EventRounds "9"]
[EventCountry "ESP"]
[Source "lmi"]
[SourceDate "2007.10.07"]

1. e4 e5 2. Nf3 Nf6 3. Nxe5 d6 4. Nf3 Nxe4 5. d3 Nf6 6. d4 d5 7. c4 Bb4+ 8. Nc3
O-O 9. Be2 Bg4 10. O-O dxc4 11. Bxc4 Nc6 12. Be3 a6 13. h3 Bxf3 14. Qxf3 Nxd4
15. Qxb7 Rb8 16. Qxa6 Ra8 17. Qb7 Rb8 18. Qa7 c5 19. Bf4 Rc8 20. Rad1 Ba5 21.
Nb5 Bb6 22. Qb7 1-0

[Event "2. Open Patrimonio de la Humanidad"]
[Site "Alcalá de Henares ESP"]
[Date "2007.10.12"]
[Round "7.13"]
[White "Gago Padreny, Ignacio"]
[Black "Perez Mitjan, Orelvis"]
[Result "0-1"]
[WhiteElo "2157"]
[BlackElo "2421"]
[PlyCount "136"]
[EventDate "2007.10.07"]
[EventType "swiss"]
[EventRounds "9"]
[EventCountry "ESP"]
[Source "lmi"]
[SourceDate "2007.10.07"]

1. d4 d5 2. Nf3 Nc6 3. c4 Bg4 4. Nc3 dxc4 5. d5 Bxf3 6. exf3 Ne5 7. Bf4 Nd3+ 8.
Bxd3 cxd3 9. Nb5 e5 10. dxe6 d2+ 11. Ke2 Rc8 12. Nxa7 Qd4 13. exf7+ Kxf7 14.
Qb3+ Kg6 15. Nxc8 Qxf4 16. Qd3+ Kf7 17. Qd5+ Kg6 18. g3 Nf6 19. Qd3+ Qf5 20.
Qxf5+ Kxf5 21. Na7 c6 22. Rhd1 Bb4 23. a3 Ba5 24. b4 Bb6 25. Nxc6 bxc6 26. Rxd2
Ke6 27. Rc1 Rc8 28. Rc4 Nd5 29. Rh4 h6 30. Rg4 Rc7 31. Rc2 Nf6 32. Rgc4 Kd6 33.
a4 Nd5 34. h4 Ba7 35. b5 cxb5 36. axb5 Bc5 37. Rd2 Rb7 38. Rg4 Bb6 39. Rc2 Bc5
40. Rg6+ Nf6 41. g4 Kd5 42. g5 Nh5 43. Rd2+ Bd4 44. Rc6 Nf4+ 45. Kf1 Rxb5 46.
Rc1 h5 47. Rcd1 Rb4 48. Ra1 Ng6 49. Ra5+ Ke6 50. Ra6+ Kf5 51. Rd1 Nxh4 52. Ra3
Kxg5 53. Rad3 Nf5 54. R3d2 Kf4 55. Rd3 Bb6 56. Kg1 Nh4 57. Rd7 Nxf3+ 58. Kg2
Nh4+ 59. Kg1 g5 60. Rf7+ Kg4 61. Rc1 Nf5 62. Kg2 Nh4+ 63. Kg1 Ng6 64. Rc3 h4
65. Kh2 Rb2 66. Kg1 Nf4 67. Kh1 Rb1+ 68. Kh2 Bxf2 0-1

[Event "2. Open Patrimonio de la Humanidad"]
[Site "Alcalá de Henares ESP"]
[Date "2007.10.12"]
[Round "7.14"]
[White "Madina Yadarola, Martin"]
[Black "Valbuena Mota, Alejandro"]
[Result "1-0"]
[WhiteElo "2344"]
[BlackElo "2129"]
[PlyCount "59"]
[EventDate "2007.10.07"]
[EventType "swiss"]
[EventRounds "9"]
[EventCountry "ESP"]
[Source "lmi"]
[SourceDate "2007.10.07"]

1. e4 c6 2. d4 d5 3. Nd2 dxe4 4. Nxe4 Bf5 5. Nc5 b6 6. Nb3 e6 7. Nf3 Nf6 8. Be2
Qc7 9. Ne5 Nbd7 10. f4 Bd6 11. Bf3 Nd5 12. O-O h6 13. Bd2 O-O 14. c4 Ne7 15.
Rc1 Rad8 16. Qe2 c5 17. Nxd7 Rxd7 18. dxc5 Bxc5+ 19. Nxc5 Qxc5+ 20. Be3 Qa5 21.
Rc3 Rfd8 22. Rfc1 Bd3 23. Qf2 Nf5 24. c5 Nxe3 25. c6 Rc7 26. Qxe3 Bb5 27. Qe5
Rdc8 28. Ra3 Qb4 29. Rb3 Qd2 30. Rd1 1-0

[Event "2. Open Patrimonio de la Humanidad"]
[Site "Alcalá de Henares ESP"]
[Date "2007.10.12"]
[Round "7.15"]
[White "Sanchez Rojo, Gustavo"]
[Black "Ramos Aldoradin, John Paul"]
[Result "0-1"]
[WhiteElo "2257"]
[BlackElo "2129"]
[PlyCount "30"]
[EventDate "2007.10.07"]
[EventType "swiss"]
[EventRounds "9"]
[EventCountry "ESP"]
[Source "lmi"]
[SourceDate "2007.10.07"]

1. e4 c5 2. Nc3 Nc6 3. f4 g6 4. Nf3 Bg7 5. Bb5 Nd4 6. O-O Nxb5 7. Nxb5 d5 8. e5
a6 9. Nc3 d4 10. Ne4 Qd5 11. d3 Bf5 12. Qe2 Rd8 13. Nfd2 h5 14. Qf3 Bg4 15.
Nd6+ Rxd6 0-1

[Event "2. Open Patrimonio de la Humanidad"]
[Site "Alcalá de Henares ESP"]
[Date "2007.10.12"]
[Round "7.16"]
[White "Rivas Vila, David"]
[Black "Vilarnovo Caamaño, Jose"]
[Result "1-0"]
[WhiteElo "2241"]
[BlackElo "2101"]
[PlyCount "94"]
[EventDate "2007.10.07"]
[EventType "swiss"]
[EventRounds "9"]
[EventCountry "ESP"]
[Source "lmi"]
[SourceDate "2007.10.07"]

1. g3 d6 2. Bg2 e5 3. c4 Be7 4. Nc3 c6 5. d3 Nd7 6. Rb1 Ngf6 7. b4 O-O 8. b5 c5
9. e3 Re8 10. Nge2 Nf8 11. O-O Rb8 12. f4 b6 13. f5 g6 14. fxg6 hxg6 15. Bc6
N8d7 16. Kg2 Kg7 17. Ng1 Rh8 18. h3 Nf8 19. Qf3 Be6 20. Bd5 Qe8 21. Rb2 Nxd5
22. Nxd5 Bxd5 23. Qxd5 f6 24. Rbf2 Qd7 25. Qf3 Ne6 26. h4 Qb7 27. e4 Nd4 28.
Qe3 Qd7 29. Nf3 Nxf3 30. Qxf3 Rbf8 31. Qe2 Bd8 32. Rh1 Rh7 33. g4 Rfh8 34. h5
g5 35. Rhf1 Rh6 36. Rf5 Kh7 37. Bxg5 Rg8 38. Bxh6 Kxh6 39. Qf3 Qg7 40. Rxf6+
Bxf6 41. Qxf6+ Qxf6 42. Rxf6+ Kg5 43. Rg6+ Rxg6 44. hxg6 Kxg6 45. Kg3 Kg5 46.
a3 Kg6 47. Kh4 d5 1-0

[Event "2. Open Patrimonio de la Humanidad"]
[Site "Alcalá de Henares ESP"]
[Date "2007.10.12"]
[Round "7.17"]
[White "Ruano Marco, Javier"]
[Black "Bote Kobolo, Benjamin"]
[Result "1-0"]
[WhiteElo "2177"]
[BlackElo "1894"]
[PlyCount "51"]
[EventDate "2007.10.07"]
[EventType "swiss"]
[EventRounds "9"]
[EventCountry "ESP"]
[Source "lmi"]
[SourceDate "2007.10.07"]

1. e4 Nc6 2. d4 e5 3. Nf3 exd4 4. Nxd4 Bc5 5. Be3 Qf6 6. c3 Nge7 7. Bc4 O-O 8.
O-O a6 9. Kh1 Ne5 10. Be2 d5 11. Nd2 Qh4 12. N4f3 Nxf3 13. Nxf3 Qxe4 14. Bxc5
Re8 15. Bd3 Qg4 16. Re1 Be6 17. Nd4 Qh4 18. Nxe6 fxe6 19. Rxe6 Nc6 20. Qe2 Rec8
21. Qf3 Rd8 22. g3 Qg5 23. h4 Qd2 24. Qf5 Rf8 25. Qxh7+ Kf7 26. Rae1 1-0

[Event "2. Open Patrimonio de la Humanidad"]
[Site "Alcalá de Henares ESP"]
[Date "2007.10.12"]
[Round "7.18"]
[White "Pascual Palomo, Lucia"]
[Black "Barez Menendez, Hector"]
[Result "1/2-1/2"]
[WhiteElo "2104"]
[BlackElo "2169"]
[PlyCount "120"]
[EventDate "2007.10.07"]
[EventType "swiss"]
[EventRounds "9"]
[EventCountry "ESP"]
[Source "lmi"]
[SourceDate "2007.10.07"]

1. e4 e5 2. Nf3 Nf6 3. Nxe5 d6 4. Nf3 Nxe4 5. d4 d5 6. Bd3 Nc6 7. O-O Be7 8.
Re1 Bg4 9. c3 f5 10. Nbd2 O-O 11. Qb3 Kh8 12. Qxb7 Rf6 13. Qb3 Rb8 14. Qc2 Bd6
15. b4 Nxd2 16. Bxd2 Bxf3 17. Bg5 Be4 18. f3 Bxd3 19. Qxd3 Qf8 20. Bxf6 Qxf6
21. Re2 Ne7 22. Rae1 Rf8 23. Re6 Qf7 24. Qb5 Ng6 25. Qb7 h6 26. Qxa7 Rd8 27.
Qa4 Kh7 28. Qc2 Nf4 29. R6e3 Qg6 30. Kh1 Rf8 31. a4 Kg8 32. a5 Qh5 33. g3 Nh3
34. f4 g5 35. fxg5 f4 36. Re6 Qf3+ 37. Qg2 Qg4 38. Rg6+ Kf7 39. Rxh6 Nxg5 40.
Qxd5+ Kg7 41. Rh4 Qf3+ 42. Qxf3 Nxf3 43. Rg4+ Kh6 44. Rf1 Nd2 45. Rfxf4 Bxf4
46. Rxf4 Re8 47. Rf6+ Kg5 48. Rc6 Kg4 49. Rxc7 Re1+ 50. Kg2 Re2+ 51. Kg1 Nf3+
52. Kf1 Rxh2 53. Rg7+ Kf5 54. a6 Ke4 55. a7 Ra2 56. b5 Ke3 57. Re7+ Kd3 58. b6
Nd2+ 59. Kg1 Nf3+ 60. Kf1 Nh2+ 1/2-1/2

[Event "2. Open Patrimonio de la Humanidad"]
[Site "Alcalá de Henares ESP"]
[Date "2007.10.12"]
[Round "7.19"]
[White "Paniagua Tineo, Arturo"]
[Black "Rubio Mejia, Luis Ignacio"]
[Result "1/2-1/2"]
[WhiteElo "2049"]
[BlackElo "2327"]
[PlyCount "120"]
[EventDate "2007.10.07"]
[EventType "swiss"]
[EventRounds "9"]
[EventCountry "ESP"]
[Source "lmi"]
[SourceDate "2007.10.07"]

1. d4 Nf6 2. c4 e6 3. Nf3 c5 4. d5 exd5 5. cxd5 d6 6. Nc3 g6 7. e4 a6 8. Nd2 b5
9. Be2 Bg7 10. O-O O-O 11. a4 bxa4 12. Qxa4 Qe7 13. Re1 Ng4 14. Bxg4 Bxg4 15.
h3 Bc8 16. Nc4 Ra7 17. Bf4 Rd8 18. Qc2 Rb7 19. Na4 Rb4 20. Bd2 Rb7 21. Bf4 Rb5
22. Nc3 Rb4 23. Na2 Rb5 24. Nc3 Rb7 25. Ra3 Qc7 26. Rb3 Rb4 27. Na2 Rb7 28.
Rxb7 Bxb7 29. Qb3 Ba8 30. Nc3 Bf8 31. Ra1 Re8 32. Qb6 Qxb6 33. Nxb6 Bb7 34. Nc4
Rd8 35. Rb1 f5 36. f3 fxe4 37. fxe4 a5 38. Nxa5 Ba6 39. b4 cxb4 40. Rxb4 Nd7
41. Nc6 Re8 42. Nd4 Nc5 43. Rb6 Bg7 44. Ndb5 Bxb5 45. Nxb5 Nxe4 46. Bxd6 Nxd6
47. Rxd6 Rb8 48. Nc7 Be5 49. Rd7 Bxc7 50. Rxc7 Rd8 51. Rc5 Kf7 52. Kf2 Ke7 53.
Ke3 Kd6 54. Kd4 Ra8 55. Rc6+ Kd7 56. Rb6 Ra2 57. Rb7+ Kd6 58. Rxh7 Rxg2 59. Rh6
Rg5 60. Kc4 Rg1 1/2-1/2

[Event "2. Open Patrimonio de la Humanidad"]
[Site "Alcalá de Henares ESP"]
[Date "2007.10.12"]
[Round "7.21"]
[White "Caravaca Aguirre, Antonio"]
[Black "Lymar, Irina"]
[Result "1/2-1/2"]
[WhiteElo "2102"]
[BlackElo "2264"]
[PlyCount "61"]
[EventDate "2007.10.07"]
[EventType "swiss"]
[EventRounds "9"]
[EventCountry "ESP"]
[Source "lmi"]
[SourceDate "2007.10.07"]

1. Nf3 Nf6 2. c4 g6 3. b3 Bg7 4. Bb2 O-O 5. g3 d6 6. Bg2 Nbd7 7. O-O c6 8. d4
e5 9. dxe5 dxe5 10. Qc2 Qc7 11. Nbd2 Re8 12. Rad1 a5 13. a3 Bf8 14. Ng5 Nc5 15.
Nde4 Ncxe4 16. Nxe4 Nxe4 17. Bxe4 Be6 18. h4 f5 19. Bg2 e4 20. Qc3 Bg7 21.
Qxg7+ Qxg7 22. Bxg7 Kxg7 23. a4 Rad8 24. f3 exf3 25. Bxf3 Kf6 26. Kf2 Bf7 27.
e3 Ke7 28. Ke2 Be6 29. Rd4 Rd6 30. Rfd1 Red8 31. R1d2 1/2-1/2